000 02255nam a22002057a 4500
005 20240316121156.0
008 240316b ||||| |||| 00| 0 eng d
020 _a9780367268527
040 _cAL
041 _aeng
082 _223
_a541.39
_bFISM
100 _aJulie Fisher
_9154893
245 _aModern NMR techniques for synthetic Chemistry
260 _aBoca Raton
_bCRC Press
_c2023
300 _axviii,341p.
_bHB
_c23.5x16cm.
365 _2General
_a7743
_b₹1996.00
_c
_d₹2495.00
_e20%
_f15-02-2024
520 _aA blend of theory and practical advice, Modern NMR Techniques for Synthetic Chemistry illustrates how NMR spectroscopy can be used to determine the abundance, size, shape, and function of organic molecules. It provides you with a description the NMR technique used (more pictorial than mathematical), indicating the most common pulse sequences, some practical information as appropriate, followed by illustrative examples. This format is followed for each chapter so you can skip the more theoretical details if the practical aspects are what interest you. Following a discussion of basic parameters, the book describes the utility of NMR in detecting and quantifying dynamic processes, with particular emphasis on the usefulness of saturation-transfer (STD) techniques. It details pulsed–field gradient approaches to diffusion measurement, diffusion models, and approaches to ‘inorganic’ nuclei detection, important as many synthetic pathways to new organics involve heavier elements. The text concludes with coverage of applications of NMR to the analysis of complex mixtures, natural products, carbohydrates, and nucleic acids—all areas of activity for researchers working at the chemistry-life sciences interface. The book’s unique format provides some theoretical insight into the NMR technique used, indicating the most common pulse sequences. The book draws upon several NMR methods that are resurging or currently hot in the field and indicates the specific pulse sequence used by various spectrometer manufacturers for each technique. It examines the analysis of complex mixtures, a feature not found in most books on this topic.
650 _2Physical Chemistry
_aChemic Dynamics
_9154894
942 _2ddc
_cBK
999 _c230459
_d230459